INTRODUCING CORPORATE FINANCE (Record no. 38200)

MARC details
000 -LEADER
fixed length control field 00252nam a2200109Ia 4500
008 - FIXED-LENGTH DATA ELEMENTS--GENERAL INFORMATION
fixed length control field 240625s9999 xx 000 0 und d
041 ## - LANGUAGE CODE
Language code of text/sound track or separate title eng
082 ## - DEWEY DECIMAL CLASSIFICATION NUMBER
Classification number 658.15224 BEA
100 ## - MAIN ENTRY--PERSONAL NAME
Personal name BEAL DIANA
245 ## - TITLE STATEMENT
Title INTRODUCING CORPORATE FINANCE
260 ## - PUBLICATION, DISTRIBUTION, ETC.
Date of publication, distribution, etc. 2008
Holdings
Withdrawn status Lost status Damaged status Not for loan Home library Current library Shelving location Date acquired Source of acquisition Full call number Barcode Date last seen Price effective from Koha item type
        IMTN IMTN Rack 25-A 05/21/2016 32917 658.15224 BEA BB118 06/25/2024 06/25/2024 Book Bank
Designed & Maintained by: LRC IMT Nagpur Contact: lrc@imtnag.ac.in© 2024. All Rights Reserved.